header

Customer relations (Record no. 65868)

MARC details
000 -LEADER
fixed length control field 01343nam a2200349Ia 4500
082 04 - DEWEY DECIMAL CLASSIFICATION NUMBER
Classification number 658.8/12
245 00 - TITLE STATEMENT
Title Customer relations
260 ## - PUBLICATION, DISTRIBUTION, ETC. (IMPRINT)
Place of publication New York :
Name of publisher Nova Science Publishers,
Year of publication c2011.
300 ## - PHYSICAL DESCRIPTION
Number of Pages v, 158 p. :
Other physical details ill.
490 1# - SERIES STATEMENT
Series statement Business issues, competition and entrepreneurship
650 #0 - SUBJECT ADDED ENTRY--TOPICAL TERM
Topical Term Customer relations.
Topical Term Marketing.
700 1# - ADDED ENTRY--PERSONAL NAME
Personal name Farkas, Victoria J.
856 40 - ELECTRONIC LOCATION AND ACCESS
Uniform Resource Identifier http://site.ebrary.com/lib/rucke/Doc?id=10661633

No items available.

© 2026 Rongo University
Contact us: librarian | system librarian | Rongo university